| 000 | 00400nam a2200169Ia 4500 | ||
|---|---|---|---|
| 003 | LK-CoDNM | ||
| 008 | 010623t1941 xxu||||| |||| 00| 1 eng d | ||
| 040 |
_aLK-CoDNM _dLK-CoDNM _eLK-CoDNM |
||
| 041 | _aeng | ||
| 080 | _ax 92 JAY | ||
| 100 | _aMartinus, O.E | ||
| 245 | _aThe life of Colonel T.G.Jayewardene | ||
| 260 |
_b _c1941 |
||
| 300 | _b(v)313, 22 cm | ||
| 650 | _aBiography | ||
| 942 | _cBK | ||
| 999 |
_c99820 _d99820 |
||